[Event "14th ECC w"]
[Site "Ohrid MKD"]
[Date "2009.10.08"]
[Round "5"]
[White "Cmilyte, V."]
[Black "Iljushina, O."]
[Result "1-0"]
[WhiteElo "2477"]
[BlackElo "2364"]
[PlyCount "63"]
[EventDate "2009.10.04"]

1. Nf3 c5 2. c4 Nc6 3. Nc3 e5 4. g3 g6 5. Bg2 Bg7 6. O-O Nge7 7. a3 O-O 8. b4
d6 9. Rb1 f5 10. b5 Na5 11. Ne1 e4 12. Qc2 Be6 13. d3 exd3 14. Nxd3 Bxc4 15.
Rd1 Rc8 16. Nf4 Re8 17. h4 Qd7 18. e4 fxe4 19. Nxe4 Nf5 20. Bd2 Bb3 21. Rxb3
Nd4 22. Qa2 Naxb3 23. Ng5 Re5 24. Be3 c4 25. Bxd4 Nxd4 26. Rxd4 Re1+ 27. Kh2
Bxd4 28. Qd2 Re5 29. Qxd4 c3 30. Bd5+ Kg7 31. Be6 Qxb5 32. Qxd6 1-0

[Event "17th TCh-Eur"]
[Site "Novi Sad SRB"]
[Date "2009.10.24"]
[Round "3"]
[White "Saric, Iv"]
[Black "Malisauskas, V."]
[Result "1/2-1/2"]
[WhiteElo "2573"]
[BlackElo "2483"]
[PlyCount "101"]
[EventDate "2009.10.22"]

1. e4 c6 2. d4 d5 3. f3 e6 4. Nc3 b5 5. a3 Nf6 6. e5 Nfd7 7. f4 b4 8. axb4 Bxb4
9. Nf3 c5 10. Be2 Nc6 11. O-O Nxd4 12. Nxd4 cxd4 13. Nb5 O-O 14. Nxd4 Bc5 15.
Kh1 Bb6 16. b4 Bb7 17. Ra3 Qe7 18. Rh3 Qxb4 19. Bd3 g6 20. Nxe6 fxe6 21. Rxh7
Rf7 22. Bxg6 Rxh7 23. Bxh7+ Kxh7 24. Qh5+ Kg8 25. Qg6+ Kh8 26. Qh6+ Kg8 27.
Qg6+ Kh8 28. Qh6+ Kg8 29. Qxe6+ Kh8 30. Qh3+ Kg8 31. Qe6+ Kh8 32. Qh3+ Kg8 33.
Qxd7 Ba6 34. Qe6+ Kh8 35. Qh6+ Kg8 36. Qg6+ Kh8 37. Qh6+ Kg8 38. Qe6+ Kh8 39.
Qh3+ Kg8 40. Ba3 Qe4 41. Qe6+ Kg7 42. Qf6+ Kg8 43. Be7 Bxf1 44. Qe6+ Kg7 45.
Bf6+ Kg6 46. Qg4+ Kf7 47. Qg7+ Ke6 48. Qe7+ Kf5 49. Qh7+ Kxf4 50. Qh6+ Kf5 51.
Qh7+ 1/2-1/2

[Event "17th TCh-Eur"]
[Site "Novi Sad SRB"]
[Date "2009.10.25"]
[Round "4"]
[White "Akopian, Vl"]
[Black "Sedlak, N."]
[Result "1-0"]
[WhiteElo "2698"]
[BlackElo "2571"]
[PlyCount "141"]
[EventDate "2009.10.22"]

1. Nf3 d5 2. e3 Nf6 3. c4 c6 4. Nc3 e6 5. d4 Nbd7 6. Qc2 Bd6 7. Bd3 O-O 8. O-O
dxc4 9. Bxc4 b5 10. Be2 Bb7 11. e4 e5 12. Rd1 Qb8 13. dxe5 Nxe5 14. Nd4 Ned7
15. g3 Re8 16. Nf5 Bc7 17. Be3 a6 18. Rac1 c5 19. Nd5 Nxd5 20. exd5 Be5 21.
Bxc5 Nxc5 22. Qxc5 Bxb2 23. Rc2 Bf6 24. Qb6 Bd8 25. Qd6 Re5 26. Qd7 Ra7 27. d6
Be4 28. Ne7+ Kf8 29. Nc6 Qa8 30. Nxa7 Bxc2 31. Nc6 Rxe2 32. Nxd8 Qf3 33. Ne6+
Rxe6 34. Qc8+ Re8 35. Qxc2 g6 36. d7 Rd8 37. Qc5+ Kg7 38. Rd6 Qf5 39. Qd4+ f6
40. h4 Kf7 41. Rxa6 Rxd7 42. Rxf6+ Qxf6 43. Qxd7+ Kg8 44. Qd5+ Kg7 45. Kg2 Qb6
46. Qd7+ Kg8 47. h5 gxh5 48. Qd5+ Kg7 49. Qg5+ Kf7 50. Qxh5+ Kg7 51. Qg5+ Kf7
52. Qd5+ Kg7 53. f4 Qg6 54. Qe5+ Kf7 55. Qd5+ Kg7 56. Kf3 Qc2 57. Qd4+ Kg8 58.
Qd5+ Kg7 59. Kg4 Qe2+ 60. Kh3 Qc4 61. Qe5+ Kf7 62. a3 Qd3 63. Qc5 Qf1+ 64. Kh4
Qh1+ 65. Kg4 Qd1+ 66. Kg5 Qd8+ 67. Kh5 Qd1+ 68. Kh6 Qd3 69. Qc7+ Kf8 70. Qg7+
Ke8 71. Qh8+ 1-0

[Event "17th TCh-Eur"]
[Site "Novi Sad SRB"]
[Date "2009.10.26"]
[Round "5"]
[White "Bacrot, E."]
[Black "Aronian, L."]
[Result "1-0"]
[WhiteElo "2709"]
[BlackElo "2773"]
[PlyCount "71"]
[EventDate "2009.10.22"]

1. d4 d5 2. c4 c6 3. Nf3 Nf6 4. Nc3 e6 5. Bg5 h6 6. Bh4 dxc4 7. e4 g5 8. Bg3 b5
9. Be2 Bb7 10. O-O Nbd7 11. Ne5 Bg7 12. Nxd7 Nxd7 13. Bd6 a6 14. a4 e5 15. Bg4
exd4 16. e5 c5 17. f4 dxc3 18. bxc3 Bf8 19. Qe2 Bxd6 20. exd6+ Kf8 21. fxg5
hxg5 22. Be6 Rh7 23. Qc2 Kg8 24. Rxf7 Rxf7 25. Rf1 Nf8 26. Qf5 Nxe6 27. Qxf7+
Kh8 28. Rf6 Qxf6 29. Qxf6+ Ng7 30. d7 b4 31. cxb4 cxb4 32. d8=Q+ Rxd8 33. Qxd8+
Kh7 34. Qb6 Be4 35. Qxb4 Bd3 36. Qa5 1-0

[Event "17th TCh-Eur"]
[Site "Novi Sad SRB"]
[Date "2009.10.27"]
[Round "6"]
[White "Salgado Lopez, I."]
[Black "Petrosian, TL."]
[Result "0-1"]
[WhiteElo "2555"]
[BlackElo "2602"]
[PlyCount "72"]
[EventDate "2009.10.22"]

1. c4 e5 2. Nc3 Bb4 3. Nd5 Be7 4. d4 d6 5. Nf3 Nd7 6. Qa4 Ngf6 7. dxe5 dxe5 8.
Nxe5 b5 9. Qxb5 Rb8 10. Nxf6+ Bxf6 11. Nc6 Rxb5 12. cxb5 Bc3+ 13. bxc3 Qf6 14.
Nd4 O-O 15. f3 Ne5 16. e4 Qh4+ 17. g3 Nxf3+ 18. Kf2 Qf6 19. Nxf3 Qxc3 20. Rb1
f5 21. e5 Bb7 22. Be3 f4 23. gxf4 Rxf4 24. Be2 Rxf3+ 25. Bxf3 Qc2+ 26. Be2 Qf5+
27. Kg3 Qg6+ 28. Kh4 Qe4+ 29. Bg4 h5 30. Rhg1 hxg4 31. Rbe1 g3+ 32. Kxg3 Qf3+
33. Kh4 Bc8 34. e6 Bxe6 35. Rg3 Qe4+ 36. Kg5 Qf5+ 0-1

[Event "17th TCh-Eur"]
[Site "Novi Sad SRB"]
[Date "2009.10.28"]
[Round "7"]
[White "Svidler, P."]
[Black "Jobava, Ba"]
[Result "1/2-1/2"]
[WhiteElo "2741"]
[BlackElo "2696"]
[PlyCount "62"]
[EventDate "2009.10.22"]

1. e4 c6 2. d4 d5 3. e5 Bf5 4. Nf3 e6 5. Be2 Nd7 6. O-O Ne7 7. Nbd2 Ng6 8. Nb3
Bg4 9. h3 Bxf3 10. Bxf3 f6 11. Bh5 fxe5 12. dxe5 Ndxe5 13. Re1 Kd7 14. Nd4 Bc5
15. Bxg6 Qf6 16. Rxe5 Qxe5 17. Nf3 Qg3 18. Qe2 hxg6 19. b4 Bb6 20. c4 dxc4 21.
Be3 Qc7 22. Rd1+ Kc8 23. Bxb6 axb6 24. Qxe6+ Kb8 25. Rd7 Qf4 26. Rf7 Qc1+ 27.
Kh2 Ka7 28. Nd4 Raf8 29. Rxb7+ Kxb7 30. Qxc6+ Ka6 31. Qa4+ Kb7 1/2-1/2

[Event "8th TCh-Eur w"]
[Site "Novi Sad SRB"]
[Date "2009.10.30"]
[Round "9"]
[White "Kosintseva, N."]
[Black "Galojan, L."]
[Result "1-0"]
[WhiteElo "2493"]
[BlackElo "2326"]
[PlyCount "105"]
[EventDate "2009.10.22"]

1. e4 e5 2. Nf3 Nc6 3. Bb5 a6 4. Ba4 Nf6 5. O-O Be7 6. Re1 b5 7. Bb3 O-O 8. c3
d6 9. d4 Bg4 10. d5 Na5 11. Bc2 c6 12. h3 Bc8 13. dxc6 Nxc6 14. Nbd2 d5 15.
exd5 Qxd5 16. Qe2 Bb7 17. Bb3 Qd7 18. Ne4 Rad8 19. Ng3 Rfe8 20. Ng5 Nd5 21. Qh5
Bxg5 22. Bxg5 f6 23. Ne4 Qf7 24. Qxf7+ Kxf7 25. Nc5 Bc8 26. Red1 Nce7 27. Bd2
Kf8 28. a4 Nc6 29. axb5 axb5 30. Bc2 f5 31. Bd3 Nc7 32. b4 Rd5 33. f3 h6 34.
Kf1 Red8 35. Ke2 Ke7 36. g4 Kf6 37. gxf5 Bxf5 38. Be4 Bxh3 39. Bxd5 Rxd5 40.
Na6 Ne8 41. Bg5+ Ke6 42. Nc5+ Kd6 43. Ne4+ Ke6 44. Be3 Rxd1 45. Rxd1 Kf7 46. c4
bxc4 47. b5 Na5 48. Nc5 Ke7 49. Ra1 Nb3 50. b6 Nd6 51. Ra7+ Kd8 52. b7 Kc7 53.
Na6+ 1-0

[Event "Unive Open"]
[Site "Hoogeveen NED"]
[Date "2009.10.19"]
[Round "4"]
[White "Friedel, J."]
[Black "De Jong, M."]
[Result "1-0"]
[WhiteElo "2555"]
[BlackElo "2373"]
[PlyCount "45"]
[EventDate "2009.10.16"]

1. e4 c5 2. Nf3 e6 3. d4 cxd4 4. Nxd4 a6 5. Nc3 b5 6. Bd3 Bb7 7. O-O Nc6 8.
Nxc6 Bxc6 9. Qe2 Bc5 10. Be3 d6 11. a4 Bxe3 12. axb5 axb5 13. Bxb5 Bxb5 14.
Qxb5+ Kf8 15. fxe3 Rb8 16. Ra7 Nf6 17. Rxf6 gxf6 18. Qh5 Qe8 19. e5 h6 20. exf6
Rh7 21. Ne4 Qd8 22. Ng5 hxg5 23. Rxf7+ 1-0